000 00200 a2200109 4500
020 _a9780595442430
041 _aeng
100 _aDixon, Jack
245 _aThe Pict
942 _cBK
999 _c29929
_d29927
999 _d29927